Normal view
MARC view
- Dixit, P. G
Entry Personal Name
001 - CONTROL NUMBER
- control field: 209039
003 - CONTROL NUMBER IDENTIFIER
- control field: OSt
005 - DATE AND TIME OF LATEST TRANSACTION
- control field: 20241107153905.0
008 - FIXED-LENGTH DATA ELEMENTS
- fixed length control field: 241107|| aca||aabn | a|a d
040 ## - CATALOGING SOURCE
- Original cataloging agency: OSt
- Transcribing agency: OSt
100 ## - HEADING--PERSONAL NAME
- Personal name: Dixit, P. G
670 ## - SOURCE DATA FOUND
- Source citation: Work cat.: (OSt)362139: Dixit, P. G. , Statistical Methods for Computer Science - I ( F. Y. B. Sc. Comp.)